Metanfetaminas: un regalo de muerte (Registro nro. 4102)
[ vista simple ]
| 000 -LEADER | |
|---|---|
| fixed length control field | 00862ngm a22002657a 4500 |
| 005 - DATE AND TIME OF LATEST TRANSACTION | |
| control field | 20220608135616.0 |
| 008 - FIXED-LENGTH DATA ELEMENTS--GENERAL INFORMATION | |
| fixed length control field | 150324b xxu||||| |||| 00| 0 spa d |
| 041 ## - LANGUAGE CODE | |
| Language code of text/sound track or separate title | spa |
| 082 ## - CLASIFICACIÓN | |
| Clasificación | 311 DVD |
| 100 ## - AUTOR | |
| Autor | Rubin, Daphra |
| 245 ## - TÍTULO | |
| Title | Metanfetaminas: un regalo de muerte |
| 260 ## - PUBLICATION, DISTRIBUTION, ETC. (IMPRINT) | |
| Place of publication | México |
| 260 ## - PUBLICATION, DISTRIBUTION, ETC. (IMPRINT) | |
| Name of publisher | Discovery Communication |
| 260 ## - PUBLICATION, DISTRIBUTION, ETC. (IMPRINT) | |
| Year of publication | 2010 |
| 300 ## - PHYSICAL DESCRIPTION | |
| Number of Pages | 60 minutos |
| 500 ## - GENERAL NOTE | |
| General note | El vídeo muestra los efectos dañinos de consumir metanfetaminas. Se realizan entrevistas a consumidores en los que la droga esta acabando con sus piezas dentales, piel y cabelllo |
| 650 ## - SUBJECT ADDED ENTRY--TOPICAL TERM | |
| Topical Term | METANFETAMINAS |
| 650 ## - SUBJECT ADDED ENTRY--TOPICAL TERM | |
| Topical Term | DROGAS |
| 650 ## - SUBJECT ADDED ENTRY--TOPICAL TERM | |
| Topical Term | ABUSO DE DROGAS |
| 650 ## - SUBJECT ADDED ENTRY--TOPICAL TERM | |
| Topical Term | CONSUMO DE DROGAS |
| 650 ## - SUBJECT ADDED ENTRY--TOPICAL TERM | |
| Topical Term | DROGADICTOS |
| 650 ## - SUBJECT ADDED ENTRY--TOPICAL TERM | |
| Topical Term | EFECTOS FISIOLÓGICOS |
| 650 ## - SUBJECT ADDED ENTRY--TOPICAL TERM | |
| Topical Term | CAMBIOS FÍSICOS |
| 942 ## - ADDED ENTRY ELEMENTS (KOHA) | |
| Koha item type | DVD |
| Withdrawn status | Lost status | Damaged status | Not for loan | Home library | Current library | Date acquired | Total Checkouts | Full call number | Accession Number | Date last seen | Price effective from | Koha item type |
|---|---|---|---|---|---|---|---|---|---|---|---|---|
| Departamento de Biblioteca y Documentación Alfonso Chase Brenes | Departamento de Biblioteca y Documentación Alfonso Chase Brenes | 24/02/2017 | 311 DVD | 311DVD | 24/02/2017 | 24/02/2017 | DVD |